<?xml version="1.0" encoding="UTF-8"?><record xmlns="http://www.loc.gov/MARC21/slim" xmlns:zs="http://docs.oasis-open.org/ns/search-ws/sruResponse">
  <leader>02397cam a22004692  4500</leader>
  <controlfield tag="001">15148578</controlfield>
  <controlfield tag="005">20250607023028.7</controlfield>
  <controlfield tag="008">080119s1904    nyuac         000 0ceng  </controlfield>
  <datafield ind1=" " ind2=" " tag="035">
    <subfield code="a">15148578</subfield>
  </datafield>
  <datafield ind1=" " ind2=" " tag="906">
    <subfield code="a">7</subfield>
    <subfield code="b">cbc</subfield>
    <subfield code="c">premver</subfield>
    <subfield code="d">u</subfield>
    <subfield code="e">ncip</subfield>
    <subfield code="f">19</subfield>
    <subfield code="g">y-gencatlg</subfield>
  </datafield>
  <datafield ind1=" " ind2=" " tag="955">
    <subfield code="a">input jsta 2008-01-19</subfield>
  </datafield>
  <datafield ind1=" " ind2=" " tag="955">
    <subfield code="a">LCAP batch update 2025-06-01-04:00: LCAPM-644, LCAPM-893</subfield>
  </datafield>
  <datafield ind1=" " ind2=" " tag="010">
    <subfield code="a">   04029701 </subfield>
  </datafield>
  <datafield ind1=" " ind2=" " tag="040">
    <subfield code="a">DLC</subfield>
    <subfield code="b">eng</subfield>
    <subfield code="c">DLC</subfield>
    <subfield code="d">DLC</subfield>
  </datafield>
  <datafield ind1="1" ind2=" " tag="041">
    <subfield code="a">eng</subfield>
    <subfield code="h">fre</subfield>
  </datafield>
  <datafield ind1=" " ind2=" " tag="043">
    <subfield code="a">e-fr---</subfield>
  </datafield>
  <datafield ind1="0" ind2="0" tag="050">
    <subfield code="a">D244</subfield>
    <subfield code="b">.S3 1904</subfield>
  </datafield>
  <datafield ind1="1" ind2=" " tag="100">
    <subfield code="a">Sainte-Beuve, Charles Augustin,</subfield>
    <subfield code="d">1804-1869.</subfield>
  </datafield>
  <datafield ind1="1" ind2="0" tag="245">
    <subfield code="a">Portraits of the seventeenth century, historic and literary,</subfield>
    <subfield code="c">by C.A. Sainte-Beuve; translated by Katharine P. Wormeley ...</subfield>
  </datafield>
  <datafield ind1=" " ind2=" " tag="260">
    <subfield code="a">New York,</subfield>
    <subfield code="a">London,</subfield>
    <subfield code="b">G.P. Putnam's Sons,</subfield>
    <subfield code="c">1904.</subfield>
  </datafield>
  <datafield ind1=" " ind2=" " tag="300">
    <subfield code="a">2 v. in 1</subfield>
    <subfield code="b">fronts., ports.</subfield>
    <subfield code="c">23 cm.</subfield>
  </datafield>
  <datafield ind1=" " ind2=" " tag="336">
    <subfield code="a">text</subfield>
    <subfield code="b">txt</subfield>
    <subfield code="2">rdacontent</subfield>
  </datafield>
  <datafield ind1=" " ind2=" " tag="337">
    <subfield code="a">unmediated</subfield>
    <subfield code="b">n</subfield>
    <subfield code="2">rdamedia</subfield>
  </datafield>
  <datafield ind1=" " ind2=" " tag="338">
    <subfield code="a">volume</subfield>
    <subfield code="b">nc</subfield>
    <subfield code="2">rdacarrier</subfield>
  </datafield>
  <datafield ind1=" " ind2=" " tag="500">
    <subfield code="a">"Taken from the 'Causeries du lundi, ' the 'Portraits de femmes, ' and the 'Portraits littéraires.'"--Translator's note.</subfield>
  </datafield>
  <datafield ind1="0" ind2=" " tag="505">
    <subfield code="a">v. 1. Cardinal de Richelieu. Duc de Rohan. Cardinal Mazarin. Duc de La Rochefoucauld. Duchesse de Longueville. Cardinal de Retz. Mademoiselle de l'Enclos. Tallemant des Réaux and Bussy-Rabutin. Abbé de Rancé. La Grande Mademoiselle. Comtesse de La Fayette. Duchesse d'Orléans. Louis XIV. Duchesse de La Vallière.--v. 2. History of the French academy. Corneille. Mademoiselle de Scudéry. Molière. La Fontaine. Pascal. Madame de Sévigné. Bossuet. Boileau. Racine. Madame du Caylus. Fénelon. Comte Antoine Hamilton. The princesse of Ursins.</subfield>
  </datafield>
  <datafield ind1=" " ind2=" " tag="561">
    <subfield code="a">Gift of Lessing J. Rosenwald, 1943-1975.</subfield>
    <subfield code="5">DLC</subfield>
  </datafield>
  <datafield ind1=" " ind2="0" tag="650">
    <subfield code="a">French literature</subfield>
    <subfield code="y">17th century</subfield>
    <subfield code="x">History and criticism.</subfield>
  </datafield>
  <datafield ind1=" " ind2="0" tag="650">
    <subfield code="a">Authors, French.</subfield>
  </datafield>
  <datafield ind1=" " ind2="0" tag="651">
    <subfield code="a">France</subfield>
    <subfield code="v">Biography.</subfield>
  </datafield>
  <datafield ind1=" " ind2="7" tag="655">
    <subfield code="a">Biographies.</subfield>
    <subfield code="2">lcgft</subfield>
    <subfield code="0">https://id.loc.gov/authorities/genreForms/gf2014026049</subfield>
  </datafield>
  <datafield ind1="1" ind2=" " tag="700">
    <subfield code="a">Wormeley, Katharine Prescott,</subfield>
    <subfield code="e">tr.</subfield>
  </datafield>
  <datafield ind1="2" ind2=" " tag="710">
    <subfield code="a">Lessing J. Rosenwald Reference Collection (Library of Congress)</subfield>
    <subfield code="5">DLC</subfield>
  </datafield>
  <datafield ind1="4" ind2="1" tag="856">
    <subfield code="d">rbc0001</subfield>
    <subfield code="f">2023rosen29701</subfield>
    <subfield code="u">http://hdl.loc.gov/loc.rbc/Rosenwald.29701</subfield>
  </datafield>
  <datafield ind1=" " ind2=" " tag="952">
    <subfield code="a">LAC brd 2019-02-04 update (2 cards)</subfield>
  </datafield>
  <datafield ind1=" " ind2=" " tag="984">
    <subfield code="a">rsl</subfield>
    <subfield code="d">2019-02-04</subfield>
  </datafield>
  <datafield ind1=" " ind2=" " tag="984">
    <subfield code="b">Record input for BIP</subfield>
  </datafield>
  <datafield ind1=" " ind2=" " tag="985">
    <subfield code="a">rbc/scd</subfield>
  </datafield>
  <datafield ind1=" " ind2=" " tag="985">
    <subfield code="a">rbc/rosen</subfield>
  </datafield>
  <datafield ind1=" " ind2=" " tag="985">
    <subfield code="a">rbc/digital/rosen</subfield>
  </datafield>
  <datafield ind1=" " ind2=" " tag="985">
    <subfield code="a">rbc/rosendgt</subfield>
  </datafield>
  <datafield ind1=" " ind2=" " tag="985">
    <subfield code="a">rblacfederal</subfield>
    <subfield code="d">20190204</subfield>
  </datafield>
</record>
